| 000 | 00744nam a2200241 i 4500 | ||
|---|---|---|---|
| 001 | bg | ||
| 100 | 1 | _aTHOMAE, Reiner | |
| 245 | 1 | 0 |
_aPerspektywa i aksonometria / _cReiner Thomae ; [tł. z niem. Janina Bartkowska]. |
| 246 |
_iTyt. oryg.: _aPerspetive und Axonometrie |
||
| 260 |
_aWarszawa : _b"Arkady", _c1998. |
||
| 300 |
_a101 s. : _brys. ; _c30 cm. |
||
| 500 | _aTyt. oryg.: "Perspetive und Axonometrie" 6 Aufl. | ||
| 650 | 9 |
_aArchitektura _xprojekty |
|
| 650 | 9 |
_aPerspektywa _xzagadnienia |
|
| 655 | _aPodręczniki akademickie | ||
| 020 | _a8321340660 | ||
| 040 | _cBPK | ||
| 041 | 1 |
_apl _hde |
|
| 080 | _a72.02:514.18](02.025.2)(075.8) | ||
| 920 | _a83-213-4066-0 | ||
| 942 | _cKS | ||
| 008 | s pl f |000 0 pol | ||
| 999 |
_c35931 _d35931 |
||
| 856 |
_uhttp://koha.tu.koszalin.pl/cgi-bin/koha/opac-detail.pl?biblionumber=35931 _yKatalog online BPK |
||